[Event "Chile-ch Absolute 2018-19"]
[Site "Santiago"]
[Date "2019.02.26"]
[Round "9.2"]
[White "Tapia Fuentes, Jaime"]
[Black "Garcia Cardenas, Pablo"]
[Result "1/2-1/2"]
[WhiteElo "2259"]
[BlackElo "2449"]
[Annotator "TA"]
[PlyCount "121"]
[EventDate "2019.02.20"]
[EventType "tourn"]
[EventCountry "CHI"]
[SourceTitle "playchess.com"]
[Source "ChessBase"]
[SourceQuality "1"]

{[%evp 22,121,14,0,0,0,15,-2,0,-18,-14,-14,-14,-14,-15,-17,-16,-20,-18,-17,-17,-16,-25,-17,-20,-56,-38,-36,-23,-91,-89,-137,-139,-136,-128,-138,-136,-110,-128,-131,-97,-124,-120,-138,-134,-147,-140,-147,-141,-139,-140,-141,-119,-143,-130,-125,-20,-21,-21,-21,-21,-79,-79,-79,-8,-8,-8,-8,-8,-65,-8,-8,-8,-8,-8,-8,-8,-8,-8,-8,-8,-8,-8,-8,-8,-8,-8,-8,0,-8,0,-8,0,-8,0,-8,-8,-8,-8,-8,-8,-8]} 1. e4 c6 2. d4 d5 3. Nc3 dxe4 4. Nxe4 Bf5 5. Ng3 Bg6 6. h4 h6 7. Nf3 e6 8. h5 Bh7 9. Bd3 Bxd3 10. Qxd3 Nf6 11. Bd2 c5 12. O-O-O Nc6 {[%cal Rc5d4] B19: Classical Caro-Kann: 4...Bf5 main line} 13. Be3 (13. Bc3 Qd5 14. dxc5 Qxd3 15. Rxd3 Bxc5 16. Bxf6 gxf6 17. Ne4 Be7 18. Rhd1 Rd8 19. Rxd8+ Nxd8 20. Nd6+ Bxd6 21. Rxd6 {0-1 (62) Zierk,S (2510)-Smirnov,A (2569) chess.com INT 2019}) 13... Qa5 14. Qb3 O-O-O 15. Ne5 (15. Kb1 {is more complex.} Be7 16. c3 Kb8 17. Qc4 cxd4 18. Nxd4 Nxd4 19. Bxd4 Bd6 20. Qd3) 15... Qc7 {[%cal Rc6d4]} 16. Nxc6 Qxc6 17. dxc5 Bxc5 18. Bxc5 Qxc5 19. Qf3 Qa5 $146 ({Predecessor:} 19... Rxd1+ 20. Rxd1 Rd8 21. Rxd8+ Kxd8 {½-½ (21) Mullon,J (2329)-Kozhuharov,S (2456) Guingamp 2008}) 20. a3 Rxd1+ 21. Rxd1 Rd8 22. Rxd8+ Kxd8 23. c3 Qb5 24. Kc2 Ke7 25. Qd3 (25. Qf4 $11 {keeps the balance.}) 25... Qa4+ $17 26. Kc1 Qf4+ 27. Qd2 {[#]} Nd5 $1 28. Nf1 Qxd2+ 29. Kxd2 {[%mdl 4096] Endgame KN-KN} f5 30. c4 Nf6 31. b4 Nxh5 32. c5 Nf4 33. Ne3 g5 34. g3 Nd5 35. Nc4 b6 36. cxb6 axb6 37. b5 h5 38. a4 h4 (38... Kd7 $17 {...Kc7 is the strong threat.} 39. Ne5+ Kc7) 39. gxh4 $1 $11 gxh4 40. Ke1 $1 Kd7 41. a5 (41. Kf1 $11) 41... bxa5 $17 42. Nxa5 Kd6 (42... Kc7 $17 43. Nc4 Nc3) 43. Nb3 $1 $11 Nf4 {[#] And now ...h3 would win.} 44. Kf1 Nd3 45. b6 ({Better is} 45. Kg2 $11) 45... e5 ({Black should play} 45... Kd7 $1 $15 46. Nd4 Nf4) 46. Kg2 {The position is equal.} Kc6 47. Kh3 $1 Kxb6 48. Kxh4 Kc6 ({Don't take} 48... Nxf2 49. Kg5 $17) 49. f4 exf4 50. Nd4+ Kd5 51. Nxf5 Ke4 52. Ng3+ Ke3 (52... fxg3 $2 53. Kxg3 $19) 53. Nf5+ Kf3 54. Nd4+ $1 Ke3 (54... Ke4 {with more complications.} 55. Ne2 f3 56. Nc3+ Kf4 57. Nd5+ Kf5) 55. Nf5+ Ke4 (55... Kd2 {is interesting.} 56. Kg4 Ke2 57. Nd4+ Kf2 58. Ne6 f3) 56. Ng3+ $1 Ke3 (56... fxg3 $2 57. Kxg3 $19) 57. Nf5+ Kf3 {aiming for ...Kf2.} 58. Nd4+ $1 Ke4 59. Ne6 f3 {( -> ...f2)} 60. Ng5+ $1 Kf4 {Strongly threatening ...f2.} 61. Nxf3 $1 {Accuracy: White = 74%, Black = 62%.} 1/2-1/2

[Event "Chile-ch Absolute 2018-19"]
[Site "Santiago"]
[Date "2019.02.26"]
[Round "9.3"]
[White "Aguirre Contreras, Cristian"]
[Black "Vergara Jofre, Felipe"]
[Result "1/2-1/2"]
[WhiteElo "2252"]
[BlackElo "2265"]
[Annotator "TA"]
[PlyCount "235"]
[EventDate "2019.02.20"]
[EventType "tourn"]
[EventCountry "CHI"]
[SourceTitle "playchess.com"]
[Source "ChessBase"]
[SourceQuality "1"]

{[%evp 12,235,12,-13,-27,-40,-46,-39,-41,-102,-100,-108,-100,-97,-102,-152,-153,-241,-250,-329,-179,-175,-161,-212,-200,-200,-61,-62,-74,-52,-68,-47,-12,-21,-8,-12,0,-24,0,-439,-417,-430,-431,-437,-427,-432,-432,-428,-427,-404,-388,-387,-400,-562,-430,-386,-296,-296,-291,-255,-191,-191,-191,-257,-225,-257,-224,-257,-257,-257,-250,-250,0,-199,-76,-69,-69,-69,-69,-143,-68,-69,0,0,0,0,8,8,8,8,8,8,8,7,8,8,8,8,8,8,8,0,8,8,8,8,8,8,8,8,8,8,8,0,0,0,0,0,0,0,8,8,8,0,8,0,0,0,0,0,0,0,0,0,8,8,8,0,8,0,0,0,8,0,8,0,8,0,0,0,0,0,8,8,8,8,8,8,8,8,8,8,8,8,8,8,8,8,8,8,8,8,8,0,8,0,8,8,8,8,8,8,8,8,8,8,8,0,8,0,0,0,8,0,8,0,0,0,8,0,8,8,8,8,8,8,8,8,8,0,0,0,8,0,0,0,0,0,8,0,0,0,0,0,0,0]} 1. Nf3 d5 2. g3 Bg4 3. Bg2 Nd7 4. d4 Ngf6 5. O-O e6 6. c4 c6 7. Nc3 dxc4 {D11: Slav Defence: 3 Nf3 sidelines and 3...Nf6 4 e3 Bg4} (7... Bxf3 8. Bxf3 dxc4 9. a4 a5 10. Qc2 Nb6 11. Rd1 Be7 12. e4 O-O 13. Be3 Qc7 14. Bf4 Qc8 15. Rab1 {0-1 (39) Mchedlishvili,M (2603)-Laznicka,V (2647) Riadh 2017}) 8. Qc2 Be7 9. Rd1 O-O {Black is slightly better.} 10. Ne5 (10. h3 $15 Bh5 11. e4) 10... Nxe5 $17 11. dxe5 Nd5 $146 ({Predecessor:} 11... Nd7 12. Rd4 Qc7 13. Rxg4 Nxe5 14. Bf4 Bc5 15. Bxe5 Qxe5 16. Rxc4 Rac8 17. Qe4 {1-0 (17) Pradeep,K (2245)-Firat,B (2373) Chennai 2011}) 12. Rd4 Bh5 $1 13. Bf4 b5 14. Qd2 (14. Ne4 $17 {was worth a try.}) 14... Qb6 $19 15. Ne4 c5 (15... Rad8 $142 16. Bg5 Bxg5 17. Nxg5 Nf4 $1 {[%mdl 512]}) 16. Rxd5 exd5 17. Qxd5 {[#]} (17. Nc3 {was necessary.}) 17... Rad8 $1 {[%cal Rd8d5]} ({Resist} 17... Bxe2 18. Qd7 $17) 18. Nd6 g5 (18... Bxe2 $19 19. Rc1 Bg4) 19. Be3 $15 Bxd6 20. exd6 Qxd6 21. Qxg5+ {[%mdl 64] Double Attack} Qg6 22. Qxc5 {[%mdl 64] Double Attack} Bxe2 23. Qxb5 a6 24. Qa4 Rfe8 25. h4 $2 {[%mdl 8192] [#]} (25. Bd2 $11) 25... Rxe3 $1 $19 {[%mdl 576] Deflection} 26. fxe3 Qxg3 {[%mdl 64] Double Attack} 27. Qa5 Qxe3+ 28. Kh1 Rd4 29. Qg5+ Qxg5 30. hxg5 {[%mdl 4096] Endgame KRB-KRB} Rd2 31. Rc1 Rxb2 32. Bd5 (32. a4 {was called for.}) 32... Rxa2 33. Bxc4 Bf3+ 34. Kg1 Rg2+ 35. Kf1 Rxg5 36. Bxa6 h5 37. Rc4 (37. Kf2 $142 Be4 38. Be2) 37... Kg7 38. Rf4 Bd5 39. Bd3 Be6 40. Kf2 Rg4 41. Rf3 Rg5 42. Rf4 $1 f5 (42... Ra5 $19 {is more deadly.} 43. Be2 Kg6) 43. Be2 $17 Kf6 44. Ra4 Bd5 45. Ra6+ {[#]} (45. Ke3 $1 $15) 45... Ke5 ({Black should play} 45... Kg7 $1 $17 46. Ra5 Be4) 46. Ra5 $15 f4 ({Better is} 46... Rg2+ $15 47. Kf1 Rh2) 47. Bf3 $11 {The position is equal.} Kd6 48. Ra6+ Ke5 49. Bxd5 {KRB-KR} Kf5 50. Bf3 Ke5 51. Rh6 Kf5 52. Bxh5 ({Less strong is} 52. Rxh5 Kf6 $18) 52... Rg7 53. Bf3 Rc7 54. Rh5+ Kg6 55. Ra5 Rc2+ 56. Be2 Rc3 57. Rd5 Re3 58. Bd3+ Kf6 59. Rd8 Ke5 60. Be2 Ra3 61. Bd3 Ra4 62. Kf3 Ra3 63. Kg4 Rc3 64. Re8+ Kd4 65. Be4 Ke3 66. Ba8+ Kd4 67. Kxf4 Rc7 68. Rd8+ Kc5 69. Be4 Rf7+ 70. Bf5 Re7 71. Rd2 Kc4 72. Be4 Kc3 73. Rd3+ Kc4 74. Ke3 Rg7 75. Rd4+ Kc5 76. Rd5+ Kc4 77. Rd6 Rc7 78. Rd1 {Rc1+ would kill now.} Kc5 (78... Re7 {with more complications.} 79. Rc1+ Kb5 80. Kf3 Kb6 81. Rb1+ Kc5) 79. Rh1 Rg7 80. Rc1+ Kd6 81. Kd4 Ke7 82. Ke5 Kd8 83. Bf5 Re7+ 84. Be6 {[%csl Ge6][%cal Rc1c8]} Ra7 85. Rh1 Ra5+ 86. Bd5 $1 {White wants to mate with Kd6.} Ra7 87. Rh6 Rg7 88. Ra6 Ke7 89. Be4 Kd8 90. Bf5 Re7+ 91. Be6 Rc7 92. Ra4 ({Weaker is} 92. Kd6 Rd7+ 93. Ke5 Rg7 $18) 92... Ke7 93. Rh4 Kd8 94. Kf6 {[%cal Rh4h8]} Ra7 95. Rc4 {[%csl Ge6][%cal Rc4c8]} Ra8 96. Rc6 Rb8 $1 97. Ke5 Rb7 98. Rc2 {Hoping for Kf6.} Rb5+ (98... Ra7 {feels hotter.} 99. Bd5 Re7+ 100. Kf6 Ra7 101. Be6 Ra8) 99. Bd5 {Strongly threatening Kd6.} Rb6 100. Bc6 {And now Kd6 would win.} Ke7 101. Bd5 Kd8 102. Be6 {Kf6 is the strong threat.} Rb8 (102... Rb5+ {keeps more tension.}) 103. Rd2+ Kc7 104. Rc2+ Kd8 105. Rc6 {aiming for Kf6.} Ke7 106. Rc7+ Kd8 107. Rd7+ Kc8 108. Bf5 Rb7 109. Rg7+ Kb8 110. Rg8+ Kc7 111. Be4 Rb8 112. Rg7+ Kb6 113. Kd4 Rd8+ 114. Bd5 {Black must now prevent Rb7+.} Rb8 115. Rg1 {Threatens to win with Rc1.} Rd8 116. Rb1+ Kc7 117. Kc5 Rd7 118. Rb7+ {Accuracy: White = 42%, Black = 60%.} 1/2-1/2

[Event "Chile-ch Absolute 2018-19"]
[Site "Santiago"]
[Date "2019.02.26"]
[Round "9.4"]
[White "Cuevas Araya, Walter"]
[Black "Torres Bravo, Cristobal"]
[Result "1-0"]
[WhiteElo "2187"]
[BlackElo "2347"]
[Annotator "TA"]
[PlyCount "83"]
[EventDate "2019.02.20"]
[EventType "tourn"]
[EventCountry "CHI"]
[SourceTitle "playchess.com"]
[Source "ChessBase"]
[SourceQuality "1"]

{[%evp 9,83,17,52,27,12,17,9,6,14,13,25,5,18,0,-10,-21,0,0,0,-66,-43,-44,-34,-86,-41,-36,-41,-46,-54,-43,-43,-52,-50,-31,-44,-40,-38,-144,-133,-137,-115,-250,-181,-670,-106,-139,301,307,308,307,407,400,391,338,338,338,318,311,311,0,199,193,309,303,374,374,923,960,960,942,818,799,1003,982,818,771]} 1. e4 c5 2. Nf3 Nc6 3. d4 cxd4 4. Nxd4 e6 5. Nc3 Qc7 6. Qd3 {B47: Sicilian: Taimanov: 5 Nc3 Qc7 6 f4, 6 g3 and 6 Be2} (6. g3 a6 7. Bg2 Nf6 8. O-O d6 9. Nxc6 bxc6 10. Na4 Rb8 11. c4 c5 12. b3 Be7 13. Bb2 O-O 14. Qe1 Nd7 15. Rd1 Bb7 16. Qc3 Bf6 17. Qd2 Be7 18. Qc3 {1-0 (40) Carlsen,M (2835)-Rapport,R (2731) Wijk aan Zee 2019}) 6... Nf6 7. Nxc6 bxc6 8. Qg3 {The position is equal.} Qxg3 9. hxg3 d5 10. Bd3 Rb8 11. exd5 $146 ({Predecessor:} 11. f3 Nd7 12. b3 Bb4 13. Bd2 Nc5 {1-0 (59) Tsydypov,Z (2525)-Iljiushenok,I (2516) Sochi 2018}) 11... cxd5 12. Nb5 Bc5 13. Bf4 Rb6 $1 14. Nxa7 (14. Bc7 $11) 14... Bd7 $15 {[#] ...Ng4 is the strong threat.} 15. a4 $1 e5 {[%mdl 1024] Black has compensation.} 16. Bc1 ({Better is} 16. Bd2 $15) 16... Ke7 {aiming for ...Ra8.} 17. Nb5 Ra8 {Threatens to win with ...Bxb5.} 18. Nc3 e4 $36 {[%mdl 2048] Black has the initiative.} 19. Be2 d4 20. Nd1 $1 Rxa4 21. Rxa4 Bxa4 22. b3 Bd7 23. Bg5 (23. g4 $15) 23... h6 $17 24. Bxf6+ Rxf6 25. Rh5 (25. Rh4 $17 {keeps fighting.}) 25... g5 {[#] And now ...Bb4+ would win.} 26. g4 $2 (26. Rh1) 26... e3 $2 (26... Bb4+ $19 {and Black stays clearly on top.} 27. Kf1 Rc6) 27. Rh3 Rxf2 $2 {[%mdl 8192]} (27... d3 $17 28. cxd3 exf2+ 29. Kf1 Kf8) 28. Nxf2 $18 exf2+ $17 {[%mdl 4096] Endgame KRB-KB} 29. Kf1 f5 30. Rxh6 fxg4 31. Bd3 g3 32. Rg6 g4 33. Rg7+ Kd6 34. Rg6+ Ke7 $1 35. Rg5 Bb6 (35... Bb4 $142 36. Rd5 Bc3) 36. b4 $18 {[%cal Bb3b4,Bb4b5][%mdl 32]} Kd6 37. Be2 Ba4 $2 (37... Bc7 38. Bxg4 Ba4) 38. Rg6+ {White is clearly winning.} Kc7 39. b5 Kb7 40. Bd3 Ka7 41. Rg7+ Kb8 42. Rxg4 {Accuracy: White = 47%, Black = 41%.} 1-0

[Event "Chile-ch Absolute 2018-19"]
[Site "Santiago"]
[Date "2019.02.26"]
[Round "9.5"]
[White "Abarca Gonzalez, Nicolas"]
[Black "Henriquez Villagra, Cristobal"]
[Result "1/2-1/2"]
[WhiteElo "2418"]
[BlackElo "2508"]
[Annotator "TA"]
[PlyCount "200"]
[EventDate "2019.02.20"]
[EventType "tourn"]
[EventCountry "CHI"]
[SourceTitle "playchess.com"]
[Source "ChessBase"]
[SourceQuality "1"]

{[%evp 15,200,61,72,65,44,47,78,41,58,49,47,-7,0,0,6,0,17,16,15,0,48,56,50,55,57,20,193,7,29,-16,10,0,63,-16,0,0,0,-17,-11,-10,-13,-47,-47,-45,-35,-42,-43,-52,-53,-53,-54,-53,-48,-49,-41,-45,-41,-55,-61,-48,-47,-43,-43,-44,-38,-48,-36,-36,-36,-36,-36,-36,-36,-36,-36,-36,-36,-36,-36,-36,-36,-36,-36,-36,-36,-36,-10,-36,-36,-36,-36,-36,-36,-36,-36,-36,-6,-83,-6,-83,-61,-83,-61,-88,-88,-88,-61,-88,0,-88,-88,-88,-88,-88,-88,-88,-88,-88,-88,-88,-88,-88,-88,-88,-88,-88,-88,-88,-88,-88,-88,-88,-88,-88,0,0,0,0,0,0,0,0,0,0,0,0,0,0,0,0,0,0,0,0,0,0,0,0,0,0,0,0,0,0,0,0,0,0,0,0,0,0,0,0,0,0,0,0,0,0,0,0,0,0,0,0,0]} 1. e4 c6 2. d4 d5 3. Nc3 dxe4 4. Nxe4 Nd7 5. Nf3 Ngf6 6. Nxf6+ Nxf6 7. Bc4 e6 8. O-O Bd6 9. Bg5 {B17: Caro-Kann: Modern Line (4...Nd7)} Qc7 10. Re1 b5 $146 ({Predecessor:} 10... Nd5 11. Bb3 h6 12. Bh4 Ne7 13. Bg3 Bxg3 14. hxg3 O-O 15. c3 b6 16. Qd3 g6 {½-½ (77) Moreno Tejera,E (2435)-Schneider,C (2211) Berlin 2014}) 11. Bb3 {White is better.} O-O 12. c3 Nd5 13. c4 (13. Bc2 $14) 13... bxc4 $11 14. Bxc4 Rb8 15. b3 h6 16. Bd2 Bb7 17. Rc1 Qe7 18. Ne5 Rbd8 19. Qg4 Nf6 20. Qh4 {Black must now prevent Ng6!} (20. Qg3 $5 {[%cal Rd2h6]} Kh8 21. Qh4 $14) 20... Rfe8 $2 {[#]} (20... Nd7 $11 21. Qxe7 Bxe7) 21. Re2 $2 (21. Bxh6 $1 $18 gxh6 22. Qxh6 Bxe5 23. dxe5 (23. Rxe5 Nh7 $16)) 21... c5 22. Rce1 Nd5 23. Qg4 {Threatens to win with Bxh6.} Nf6 (23... Qf6 $11) 24. Qh4 (24. Qg3 $14) 24... Nd5 25. Qg4 {aiming for Bxh6.} Qf6 26. Bb5 Re7 27. dxc5 Bxc5 28. Nc6 Bxc6 $1 29. Bxc6 Nc3 30. Bxc3 $1 Qxc3 31. Qc4 Qxc4 32. bxc4 Rc7 33. Bb5 Rd6 34. g3 Rd3 35. Ba4 Kf8 36. Rd1 Rxd1+ 37. Bxd1 $15 {[%mdl 4096] Endgame KRB-KRB} Rd7 38. Bb3 $1 Ke7 39. h4 Rd3 {Strongly threatening ...Rxg3+.} 40. Kg2 Kd6 41. Re1 Bd4 42. Rd1 Rxd1 43. Bxd1 {KB-KB} Kc5 44. Ba4 Kb4 45. Be8 f6 46. a4 Kxc4 47. f4 $1 Kb4 48. h5 f5 49. Kf3 a5 50. Bd7 Bb6 51. Be8 Kc5 52. Bb5 Kd6 53. Be8 Ke7 54. Bg6 Bc7 55. Bh7 g5 56. Bg6 (56. fxg5 $11 {keeps the balance.} hxg5 57. g4) 56... Bd6 ({Black should play} 56... g4+ $17 57. Ke3 Bb6+ 58. Ke2 Bc5) 57. Ke3 (57. fxg5 $11 hxg5 58. g4) 57... Ba3 58. Kf3 Bc1 59. Bh7 Kf6 60. Bg8 Bd2 61. Bh7 Bc1 62. Bg8 g4+ 63. Kf2 Bb2 64. Kf1 Ba3 65. Kf2 Be7 66. Kf1 Bc5 67. Ke2 Bb6 68. Kf1 Bc7 69. Kf2 e5 70. fxe5+ Bxe5 71. Bh7 Kg5 72. Bg6 Bd6 73. Kg2 Bc7 74. Kf2 Bxg3+ ({Black should try} 74... f4 $17 75. gxf4+ Kxf4) 75. Kxg3 $17 {KB-KP. The position is equal.} f4+ 76. Kf2 Kh4 77. Kg2 f3+ 78. Kf2 Kh3 79. Bf5 Kh4 80. Be6 Kh3 $1 81. Bf5 Kh4 82. Bd7 Kh3 $1 83. Be6 Kh4 84. Bf5 Kg5 85. Bd7 {[#] And now Kg3 would win.} Kf4 86. Bb5 g3+ 87. Kg1 Kg4 88. Bc6 f2+ 89. Kg2 Kxh5 90. Bd7 Kg5 91. Bh3 Kf4 92. Be6 h5 93. Bc4 h4 94. Bf1 Ke3 95. Kh3 Kd2 {( -> ...Ke1)} 96. Kxh4 Ke1 97. Bg2 f1=Q 98. Bxf1 Kxf1 99. Kxg3 Ke2 100. Kg2 Kd3 {Accuracy: White = 65%, Black = 60%.} 1/2-1/2

[Event "Chile-ch Absolute 2018-19"]
[Site "Santiago"]
[Date "2019.02.26"]
[Round "9.6"]
[White "Lopez Silva, Hugo"]
[Black "Salinas Herrera, Pablo"]
[Result "0-1"]
[WhiteElo "2413"]
[BlackElo "2477"]
[Annotator "TA"]
[PlyCount "74"]
[EventDate "2019.02.20"]
[EventType "tourn"]
[EventCountry "CHI"]
[SourceTitle "playchess.com"]
[Source "ChessBase"]
[SourceQuality "1"]

{[%evp 13,74,50,50,37,35,16,39,37,29,23,19,24,32,-9,-10,-13,-6,-13,-18,-87,51,55,52,31,56,29,166,163,168,168,170,170,222,229,212,221,318,152,161,85,99,99,145,20,138,0,0,-70,-64,-66,-63,-311,-311,-559,-559,-537,-518,-29984,-29985,-29985,-29986,-29995,-29996]} 1. e4 e5 2. Nf3 Nc6 3. Bc4 Nf6 4. Ng5 d5 5. exd5 Na5 6. Bb5+ Bd7 7. Qe2 Be7 8. Nf3 {C58: Two Knights: 4 Ng5 d5 5 exd5 Na5 sidelines} (8. Nc3 Bxb5 9. Qxb5+ c6 10. dxc6 Nxc6 11. Nf3 O-O 12. d3 Nd4 13. Nxd4 exd4 14. Ne2 Rc8 15. Qb3 Qa5+ 16. Bd2 {½-½ (24) Short,N (2683)-Postny,E (2606) Kishinev 2017}) 8... O-O 9. Nxe5 Bxb5 10. Qxb5 {White is slightly better.} Bd6 11. d4 c5 12. dxc6 $146 ({Predecessor:} 12. O-O cxd4 13. Nf3 Rc8 14. Bg5 Rc4 15. Bd2 Rc5 {1-0 (55) Pekin,T (1928)-Straka,J (2022) ICCF email 2016}) 12... Nxc6 13. c3 Nxe5 14. dxe5 Re8 $1 {[%cal Re8e5]} 15. O-O Rxe5 16. Qxb7 (16. Qa4 $11 {remains equal.}) 16... Rb8 (16... Ne4 $1 $17 {...Bc5 is the strong threat.} 17. Be3 Rb8 18. Qxa7 Rxb2) 17. Qf3 $1 $14 Qd7 18. Nd2 Rf5 19. Qh3 {With the idea Nf3.} g5 (19... Rh5 $11 20. Qxd7 Bxh2+ 21. Kh1 Nxd7) 20. g3 $18 Re8 {Threatens to win with ...Bc5.} 21. Nc4 g4 22. Qg2 Rf3 (22... Bc7 {keeps fighting.} 23. Be3 Qe6) 23. Be3 {And now Rad1 would win.} Bf8 24. Rad1 Qf5 (24... Qe6 $142) 25. Bd4 ({Don't play} 25. Bxa7 Ne4 $18) (25. Nd2 $18 {is more deadly.}) 25... Ne4 $16 26. Rfe1 (26. Ne3 $18 Qd7 27. h3) 26... Re6 27. Ne3 Qh5 28. Nf1 (28. Rf1 $16) 28... Ng5 {[#]} (28... Bh6 $1 $11 {keeps the balance.}) 29. Rxe6 ({Not} 29. Bxa7 Rd3 $11) ({White must play} 29. Kh1 $1 $16) 29... fxe6 $11 30. Be3 ({But not} 30. Bxa7 $2 Nh3+ 31. Kh1 Qf7 $19) ({White should try} 30. Kh1 $11) 30... Nh3+ $15 31. Kh1 Qf5 32. Re1 $2 {[#]} (32. Rd4 $1 $15) 32... Bc5 $1 $19 33. Re2 $2 (33. b4 {was the only chance.} Nxf2+ 34. Kg1 Bxe3 35. Nxe3) 33... Bxe3 34. Nxe3 Qe4 35. Rd2 (35. Re1 $19 Nxf2+ 36. Kg1) 35... Rxe3 {[%cal Re3e1] Black mates.} 36. Qxe4 Rxe4 37. Kg2 Re1 {Accuracy: White = 31%, Black = 54%.} 0-1

[Event "Chile-ch Absolute 2018-19"]
[Site "Santiago"]
[Date "2019.02.27"]
[Round "10.1"]
[White "Gasic Merino, Franco"]
[Black "Salinas Herrera, Pablo"]
[Result "1/2-1/2"]
[WhiteElo "2189"]
[BlackElo "2477"]
[Annotator "ChessBase"]
[PlyCount "62"]
[EventDate "2019.02.20"]
[EventType "tourn"]
[EventCountry "CHI"]
[SourceTitle "playchess.com"]
[Source "ChessBase"]
[SourceQuality "1"]
[TimeControl "5400+30"]

1. d4 {[%emt 0:00:00]} d5 {[%emt 0:00:00]} 2. Nf3 {[%emt 0:00:00]} Nf6 {[%emt 0:00:00]} 3. c4 {[%emt 0:00:18]} e6 {[%emt 0:00:00]} 4. g3 {[%emt 0:00:11]} Bb4+ {[%emt 0:00:02]} 5. Nc3 {[%emt 0:00:04]} O-O {[%emt 0:01:27]} 6. Bg2 {[%emt 0:00:05]} c6 {[%emt 0:00:32]} 7. O-O {[%emt 0:00:30]} Nbd7 {[%emt 0:00:17]} 8. Qb3 {[%emt 0:04:50]} Be7 {[%emt 0:02:08]} 9. Rd1 {[%emt 0:03:02]} Qb6 {[%emt 0:03:16]} 10. Qc2 {[%emt 0:04:10]} dxc4 {[%emt 0:07:24]} 11. e4 {[%emt 0:00:19]} e5 {[%emt 0:00:06]} 12. d5 {[%emt 0:11:16]} cxd5 {[%emt 0:03:31]} 13. exd5 {[%emt 0:03:36]} a6 {[%emt 0:05:37]} 14. Be3 {[%emt 0:09:30]} Qc7 {[%emt 0:01:46]} 15. Ng5 {[%emt 0:01:09]} Bc5 {[%emt 0:11:28]} 16. d6 {[%emt 0:01:44]} Bxd6 {[%emt 0:01:40]} 17. Rxd6 {[%emt 0:01:09]} Qxd6 {[%emt 0:09:37]} 18. Rd1 {[%emt 0:00:21]} Qb4 {[%emt 0:02:16]} 19. Rxd7 {[%emt 0:18:47]} h6 {[%emt 0:01:31]} 20. Nd5 {[%emt 0:08:17]} Qe1+ {[%emt 0:00:20]} 21. Bf1 {[%emt 0:00:01]} hxg5 {[%emt 0:00:48]} 22. Bd2 {[%emt 0:03:59]} Qa1 {[%emt 0:01:44]} 23. Nxf6+ {[%emt 0:02:18]} gxf6 {[%emt 0:00:10]} 24. Rxf7 {[%emt 0:01:48]} Kxf7 {[%emt 0:08:00]} 25. Qh7+ {[%emt 0:00:10]} Ke6 {[%emt 0:00:05]} 26. Bb4 {[%emt 0:01:28]} Re8 {[%emt 0:01:54]} 27. Qh5 {[%emt 0:04:55]} Bd7 {[%emt 0:10:52]} 28. Qh3+ {[%emt 0:00:56]} Kf7 {[%emt 0:00:03]} 29. Qh7+ {[%emt 0:00:10]} Ke6 {[%emt 0:00:04]} 30. Qh3+ {[%emt 0:00:07]} Kf7 {[%emt 0:00:04]} 31. Qh7+ {[%emt 0:00:19]} Ke6 {[%emt 0:00:04]} 1/2-1/2

[Event "Chile-ch Absolute 2018-19"]
[Site "Santiago"]
[Date "2019.02.27"]
[Round "10.2"]
[White "Henriquez Villagra, Cristobal"]
[Black "Lopez Silva, Hugo"]
[Result "1-0"]
[WhiteElo "2508"]
[BlackElo "2413"]
[Annotator "TA"]
[PlyCount "113"]
[EventDate "2019.02.20"]
[EventType "tourn"]
[EventCountry "CHI"]
[SourceTitle "playchess.com"]
[Source "ChessBase"]
[SourceQuality "1"]

{[%evp 17,113,0,0,0,0,-6,10,0,13,-8,0,-3,-9,-11,-14,-13,0,-1,0,-2,0,-16,0,-10,0,-5,0,0,0,0,0,0,0,0,0,0,0,0,0,0,0,-5,-5,-3,27,24,81,88,125,137,120,101,95,77,92,71,127,126,227,136,599,630,644,628,588,441,891,886,871,849,824,800,725,576,590,589,571,563,522,0,485,359,458,350,790,763,29992,29993,29993,650,671,648,610,596,29995,29996,29996,89]} 1. e4 e5 2. Bc4 Nf6 3. Nc3 Nc6 4. d3 Na5 5. Nge2 Bc5 6. O-O Nxc4 7. dxc4 d6 8. Qd3 Be6 9. b3 O-O {LiveBook: 12 Games. C28: Vienna Game: 2...Nf6 3 Bc4 Nc6} 10. Ng3 Nd7 (10... a6 11. Be3 Bxe3 12. Qxe3 Ng4 13. Qd2 Qh4 14. h3 Nf6 15. a4 Kh8 16. Rae1 h6 17. Re3 {½-½ (48) Mitkov,N (2556)-Bruzon Batista,L (2622) Merida 2008}) 11. Rb1 $146 ({Predecessor:} 11. Bd2 f6 12. Rad1 a6 13. a4 a5 {0-1 (39) Wilhelmi,D (2445)-Wharam,J (2451) ICCF email 2015}) 11... Qh4 {The position is equal.} 12. Be3 g6 13. Nb5 Rac8 14. Bxc5 Nxc5 15. Qe3 a6 16. Nc3 f5 17. exf5 Bxf5 18. Nxf5 Rxf5 19. Qg3 Qf6 20. Nd5 Qf7 21. Qh4 Re8 22. f4 exf4 {Threatens to win with ...c6.} 23. Rbe1 Rxe1 24. Rxe1 Re5 $1 {[%cal Re5e1]} 25. Rxe5 dxe5 26. Qg5 c6 27. Nf6+ Kg7 28. Nh5+ Kg8 29. Qxe5 {Hoping for Nf6+.} Nd7 30. Qg5 Qe8 {[%cal Re8e1]} (30... Qe6 $5 31. Kf1 $8 f3 $1 $11 {[%mdl 512]}) 31. Kf1 f3 (31... Qe3 $1 $11 32. Qxf4 Qc3) 32. gxf3 $16 Kh8 33. Nf4 Qf8 34. Kf2 Qd6 35. h4 Ne5 36. Ne2 Kg7 (36... Nf7 $142 37. Qf4 Qxf4 38. Nxf4 Kg7) 37. Ng3 Qd4+ {[#]} (37... Qe6 $16 {might work better.} 38. Ne4 h6) 38. Kg2 (38. Ke2 $1 $18 {And now Nf5+ would win.} Kg8 39. Ne4) 38... Kf7 $2 {[%mdl 8192] [#]} (38... Kg8 $16 {is a better chance.} 39. Ne4 Nf7) 39. Ne4 $1 $18 Qb2 40. Qf6+ Ke8 41. Qh8+ Kd7 (41... Ke7 $142 42. Kh3 Qd4 43. Qf6+ Ke8 44. Qh8+ Ke7 45. Qxh7+ Kd8 46. Qxb7 Nxf3) 42. Qxh7+ Kd8 43. Qg8+ Kc7 44. Qg7+ Kd8 45. Qf8+ Kc7 46. Qd6+ Kc8 47. Kg3 Qa1 48. Kg2 Qb2 $1 49. Qd2 Qxa2 50. f4 Ng4 $2 (50... Nd7 51. Nd6+ Kc7 52. Nxb7 Qa3) 51. Kf3 Nh6 52. Nc5 Kc7 53. Ne6+ (53. Qd7+ $142 Kb6 54. Qd6 Qa4 55. Nd7+ Ka5 56. Qc5+ b5 57. c3 Qxb3 58. Qb6+ Ka4 59. Qxa6#) 53... Kb8 54. Qd6+ Ka7 55. Qd4+ Ka8 56. Nc7+ Kb8 57. Qd8+ {Precision: White = 61%, Black = 32%.} 1-0